| 000 | 00734cam a2200229 4500 | ||
|---|---|---|---|
| 001 | B3294 | ||
| 008 | 071122s1965 xxkc f 00 0deng | ||
| 035 | _a(Sirsi) u55142 | ||
| 041 | _aeng | ||
| 050 | 0 | 4 | _a920 $2 18 |
| 110 | 2 |
_aCluttons _92064 |
|
| 245 | 0 | 0 | _aCluttons 1765-1965 |
| 260 |
_aLondon _bCluttons _c1965 |
||
| 300 |
_a19 p. _bill. _c25 cm. |
||
| 350 | _a0 | ||
| 520 | _aA history of the firm of Cluttons. Includes genealogies of the Clutton and Trumper families, a list of partners in the firm, and a list of members of the staff who had completed 50 years' service up to 1965. | ||
| 600 | 1 | 4 | _aClutton, John |
| 651 | 4 |
_aUnited Kingdom _y |
|
| 690 | _aABOUT RICS-RICS MEMBERS | ||
| 942 | _n0 | ||
| 948 | _c04/03/1997 | ||
| 999 |
_c93566 _d93566 |
||